| 000 | 00789nam a22002057a 4500 | ||
|---|---|---|---|
| 999 |
_c15581 _d15581 |
||
| 003 | AR-CdUCM | ||
| 008 | 190320b ||||| |||| 00| 0 spa d | ||
| 040 |
_aMUNICIPALIDAD PROVINCIAL DEL CUSCO _cBIBLIOTECA MUNICIPAL DEL CUSCO |
||
| 082 |
_a343.5 / _2E92 / 1961 |
||
| 110 |
_aJurado nacional de elecciones _931366 |
||
| 245 | _aEstatuto electoral / | ||
| 260 |
_aLima : _bCaslon, _c1961. |
||
| 300 |
_a95 páginas ; _c17 cm. |
||
| 505 | _aContenido: Procedimiento electoral -- Del capitulo y de la proclamación -- De la nulidad de las elecciones -- De las garantías electorales y penas -- De la convocatoria a elecciones ... | ||
| 650 |
_aEstatuto electoral _934701 |
||
| 650 |
_aElecciones _91677 |
||
| 650 |
_aDemocracia _92598 |
||
| 942 |
_2ddc _cLIBROS |
||
| 945 |
_aacv _d2019-04-29 |
||